[Event "CZE-chT2E 2223"]
[Site "Czech Republic"]
[Date "2023.02.19"]
[Round "9.1"]
[White "Volak, Simon"]
[Black "Kuchynka, Lukas"]
[Result "0-1"]
[WhiteElo "2116"]
[BlackElo "2319"]
[PlyCount "86"]
[EventDate "2022.10.16"]
[EventType "team-tourn"]
[EventRounds "11"]
[EventCountry "CZE"]
[SourceTitle "EXT 2024"]
[Source "ChessBase"]
[SourceDate "2023.10.10"]
[SourceVersion "1"]
[SourceVersionDate "2023.10.10"]
[SourceQuality "1"]
[WhiteTeam "Brno Lokomotiva"]
[BlackTeam "Orechov Orel"]
[WhiteTeamCountry "CZE"]
[BlackTeamCountry "CZE"]

1. e4 b6 2. d4 Bb7 3. Nd2 e6 4. c3 c5 5. Bd3 Nf6 6. Qe2 cxd4 7. cxd4 Be7 8. Ngf3 Qc8 9. 0-0 0-0 10. Re1 Ba6 11. a3 Bxd3 12. Qxd3 Qa6 13. Qb3 d5 14. e5 Nfd7 15. Nf1 Nc6 16. Bd2 Rfc8 17. Ng3 Rc7 18. Qe3 Na5 19. Bb4 Nf8 20. Bxe7 Rxe7 21. Qg5 Rc7 22. Nh5 Ng6 23. h4 Qd3 24. Ng3 h6 25. Qg4 Rc2 26. Re3 Qc4 27. Nh5 Rc1+ 28. Rxc1 Qxc1+ 29. Re1 Qxb2 30. Nxg7 Kxg7 31. h5 Qc2 32. Nh4 Re8 33. Re3 Nc4 34. Rg3 Nd2 35. hxg6 Qb1+ 36. Kh2 Nf1+ 37. Kh3 Nxg3 38. gxf7+ Kxf7 39. Qf3+ Nf5 40. g4 Qe4 41. Qxe4 dxe4 42. gxf5 Rd8 43. fxe6+ Kxe6 0-1

[Event "CZE-chT2E 2122"]
[Site "Czech Republic"]
[Date "2021.12.19"]
[Round "5.2"]
[White "Kuchynka, Lukas"]
[Black "Bombek, Peter"]
[Result "1-0"]
[WhiteElo "2305"]
[BlackElo "2094"]
[PlyCount "59"]
[EventDate "2021.10.17"]
[EventType "team-tourn"]
[EventRounds "11"]
[EventCountry "CZE"]
[SourceTitle "EXT 2024"]
[Source "ChessBase"]
[SourceDate "2023.10.10"]
[SourceVersion "1"]
[SourceVersionDate "2023.10.10"]
[SourceQuality "1"]
[WhiteTeam "Orechov Orel"]
[BlackTeam "Zlin"]
[WhiteTeamCountry "CZE"]
[BlackTeamCountry "CZE"]

1. d4 d5 2. Bf4 c5 3. e3 Nc6 4. c3 Qb6 5. Qc1 Bf5 6. Nf3 e6 7. Be2 h6 8. 0-0 Nf6 9. h3 Rc8 10. Nbd2 Be7 11. a4 cxd4 12. Nxd4 Nxd4 13. exd4 0-0 14. a5 Qc6 15. Nf3 b5 16. axb6 axb6 17. Ne5 Qe8 18. Qd1 Ne4 19. Qb3 f6 20. Bb5 Qh5 21. Nc6 Rxc6 22. Bxc6 g5 23. Bxd5 gxf4 24. Bxe4 Bxh3 25. Ra8 Rxa8 26. Bxa8 Bg4 27. Re1 Kf8 28. Qxb6 f3 29. Bxf3 Bxf3 30. Qxe6 1-0

[Event "CZE-chT2E 2122"]
[Site "Czech Republic"]
[Date "2021.10.17"]
[Round "1.2"]
[White "Kuchynka, Lukas"]
[Black "Lanc, Alois"]
[Result "1-0"]
[WhiteElo "2305"]
[BlackElo "2306"]
[PlyCount "86"]
[EventDate "2021.10.17"]
[EventType "team-tourn"]
[EventRounds "11"]
[EventCountry "CZE"]
[SourceTitle "EXT 2024"]
[Source "ChessBase"]
[SourceDate "2023.10.10"]
[SourceVersion "1"]
[SourceVersionDate "2023.10.10"]
[SourceQuality "1"]
[WhiteTeam "Orechov Orel"]
[BlackTeam "Prusanky Podluzan"]
[WhiteTeamCountry "CZE"]
[BlackTeamCountry "CZE"]

1. d4 Nf6 2. Bf4 d6 3. Nc3 g6 4. e4 c6 5. Qd2 b5 6. a3 Bg7 7. Nf3 0-0 8. h3 Bb7 9. Qe3 a6 10. Be2 Qc8 11. Rd1 Re8 12. 0-0 Nfd7 13. e5 Nf8 14. Bh6 d5 15. Bxg7 Kxg7 16. Nh2 f5 17. exf6+ exf6 18. Qd2 Nbd7 19. Ng4 f5 20. Qh6+ Kg8 21. Nh2 Nf6 22. Rfe1 Qc7 23. Bf1 Rxe1 24. Rxe1 Re8 25. Rxe8 Nxe8 26. Nf3 Ne6 27. Qe3 Bc8 28. Na2 Nf6 29. Nb4 Ne4 30. Nd3 f4 31. Qe1 g5 32. c3 h5 33. Nd2 Nxd2 34. Qxd2 g4 35. hxg4 hxg4 36. Be2 f3 37. gxf3 gxf3 38. Bxf3 Qg7+ 39. Kf1 Ng5 40. Bg2 Bh3 41. Bxh3 Nxh3 42. Qe3 Ng5 43. Qe8+ Kh7 1-0

[Event "CZE-chT 1718"]
[Site "Czech Republic"]
[Date "2018.04.06"]
[Round "9.1"]
[White "Fedorov, Alexei"]
[Black "Kuchynka, Lukas"]
[Result "1-0"]
[WhiteElo "2582"]
[BlackElo "2303"]
[PlyCount "63"]
[EventDate "2017.11.18"]
[EventType "team-tourn"]
[EventRounds "11"]
[EventCountry "CZE"]
[SourceTitle "EXT 2019"]
[Source "ChessBase"]
[SourceDate "2018.10.10"]
[SourceVersion "1"]
[SourceVersionDate "2018.10.10"]
[SourceQuality "1"]
[WhiteTeam "Frydek Mistek"]
[BlackTeam "Tatran Litovel"]
[WhiteTeamCountry "CZE"]
[BlackTeamCountry "CZE"]

1. e4 b6 2. f4 Bb7 3. d3 e6 4. Nf3 d5 5. e5 Ne7 6. d4 c5 7. c3 Qd7 8. Be3 Nf5 9. Bf2 h5 10. Nbd2 Be7 11. a3 Ba6 12. Bxa6 Nxa6 13. Qe2 Nc7 14. g3 c4 15. h3 Qc6 16. Kf1 Kd7 17. Rg1 g6 18. g4 Ng7 19. Kg2 b5 20. Ng5 Raf8 21. Ndf3 a5 22. Qc2 Rh6 23. a4 b4 24. b3 cxb3 25. Qxb3 Qc4 26. Rab1 Na6 27. Rgc1 hxg4 28. hxg4 Qxb3 29. Rxb3 f6 30. exf6 Bxf6 31. cxb4 axb4 32. Nh3 1-0

[Event "CZE-chT 1718"]
[Site "Czech Republic"]
[Date "2017.12.02"]
[Round "3.3"]
[White "Dragnev, Valentin"]
[Black "Kuchynka, Lukas"]
[Result "1-0"]
[WhiteElo "2461"]
[BlackElo "2303"]
[PlyCount "63"]
[EventDate "2017.11.18"]
[EventType "team-tourn"]
[EventRounds "11"]
[EventCountry "CZE"]
[SourceTitle "CBM 181 Extra"]
[Source "ChessBase"]
[SourceDate "2017.12.12"]
[SourceVersion "1"]
[SourceVersionDate "2017.12.12"]
[SourceQuality "1"]
[WhiteTeam "Brno Duras"]
[BlackTeam "Tatran Litovel"]
[WhiteTeamCountry "CZE"]
[BlackTeamCountry "CZE"]

1. e4 b6 2. d4 Bb7 3. Nd2 e6 4. Ngf3 c5 5. c3 cxd4 6. cxd4 Nf6 7. Bd3 Ba6 8. Bxa6 Nxa6 9. 0-0 Be7 10. d5 exd5 11. e5 Ne4 12. Nxe4 dxe4 13. Nd4 Nc5 14. Qg4 g6 15. Bh6 Qc7 16. Nb5 Qc6 17. Qe2 a6 18. Nc3 g5 19. Bg7 Rg8 20. Bf6 Bxf6 21. exf6 d5 22. Rac1 a5 23. f3 0-0-0 24. fxe4 dxe4 25. Nxe4 Rd5 26. Qh5 Re8 27. Qxh7 Kb8 28. Kh1 Rde5 29. Nxc5 Rxc5 30. Rxc5 bxc5 31. Qxf7 Re2 32. Qg8+ 1-0

[Event "CZE-chT2E 1718"]
[Site "Czech Republic"]
[Date "2017.11.05"]
[Round "2.1"]
[White "Krejca, Jakub"]
[Black "Kuchynka, Lukas"]
[Result "1-0"]
[WhiteElo "2088"]
[BlackElo "2297"]
[PlyCount "55"]
[EventDate "2017.10.15"]
[EventType "team-tourn"]
[EventRounds "11"]
[EventCountry "CZE"]
[SourceTitle "EXT 2022"]
[Source "ChessBase"]
[SourceDate "2021.10.06"]
[SourceVersion "1"]
[SourceVersionDate "2021.10.06"]
[SourceQuality "1"]
[WhiteTeam "Zlin"]
[BlackTeam "Hustopece"]
[WhiteTeamCountry "CZE"]
[BlackTeamCountry "CZE"]

1. e4 c6 2. d4 d5 3. exd5 cxd5 4. Bd3 Nc6 5. c3 Qc7 6. h3 Nf6 7. Nf3 g6 8. 0-0 Bf5 9. Bxf5 gxf5 10. Ne5 Nxe5 11. dxe5 Qxe5 12. Re1 Qd6 13. Qa4+ Nd7 14. Bf4 Qc6 15. Qc2 e6 16. Qxf5 Be7 17. Qh5 Nf6 18. Qe5 Rg8 19. Nd2 Nd7 20. Qh5 Bf6 21. Nf3 0-0-0 22. Qxf7 e5 23. Bxe5 d4 24. cxd4 Nxe5 25. dxe5 Qxf3 26. Rac1+ Kb8 27. Qc7+ Ka8 28. Qxd8+ 1-0

[Event "CZE-chT2E 1617"]
[Site "Czech Republic"]
[Date "2017.04.02"]
[Round "11.1"]
[White "Motuz, Karol"]
[Black "Kuchynka, Lukas"]
[Result "1-0"]
[WhiteElo "2317"]
[BlackElo "2260"]
[PlyCount "67"]
[EventDate "2016.09.10"]
[EventType "team-tourn"]
[EventRounds "11"]
[EventCountry "CZE"]
[SourceTitle "EXT 2022"]
[Source "ChessBase"]
[SourceDate "2021.10.06"]
[SourceVersion "1"]
[SourceVersionDate "2021.10.06"]
[SourceQuality "1"]
[WhiteTeam "Vsetin"]
[BlackTeam "Vyskov"]
[WhiteTeamCountry "CZE"]
[BlackTeamCountry "CZE"]

1. d4 Nf6 2. c4 Nc6 3. Nf3 e6 4. a3 d5 5. e3 g6 6. Nbd2 a5 7. b3 Bg7 8. Bb2 0-0 9. Be2 Qe7 10. Qc2 Bd7 11. 0-0 Rfc8 12. Rfe1 Qf8 13. Bf1 Be8 14. Rad1 Ne7 15. Qb1 c5 16. Qa1 cxd4 17. Bxd4 Nd7 18. e4 dxe4 19. Nxe4 Rc7 20. Ne5 Kh8 21. Nd6 Nxe5 22. Bxe5 Nc6 23. Bc3 Bxc3 24. Qxc3+ Qg7 25. Qe3 Re7 26. g3 e5 27. Bg2 e4 28. Qb6 f5 29. f3 exf3 30. Bxf3 Ne5 31. Bxb7 Rb8 32. Qe3 Nc6 33. Qc5 Rexb7 34. Nxe8 1-0

[Event "CZE-chT2E 1617"]
[Site "Czech Republic"]
[Date "2017.02.26"]
[Round "9.1"]
[White "Kuchynka, Lukas"]
[Black "Svehla, Karel"]
[Result "1-0"]
[WhiteElo "2260"]
[BlackElo "2142"]
[PlyCount "77"]
[EventDate "2016.09.10"]
[EventType "team-tourn"]
[EventRounds "11"]
[EventCountry "CZE"]
[SourceTitle "EXT 2022"]
[Source "ChessBase"]
[SourceDate "2021.10.06"]
[SourceVersion "1"]
[SourceVersionDate "2021.10.06"]
[SourceQuality "1"]
[WhiteTeam "Vyskov"]
[BlackTeam "Adamov"]
[WhiteTeamCountry "CZE"]
[BlackTeamCountry "CZE"]

1. d4 e6 2. g3 d5 3. Bg2 f5 4. c4 c6 5. Qc2 Nf6 6. Nh3 Bd6 7. Bf4 0-0 8. 0-0 Na6 9. Nd2 h6 10. Bxd6 Qxd6 11. Nf4 g5 12. Nd3 Nb4 13. Nxb4 Qxb4 14. e3 Qe7 15. Nf3 Qg7 16. Ne5 g4 17. h4 gxh3 18. Bxh3 Ne4 19. Kh2 Kh8 20. Rg1 Bd7 21. f3 Ng5 22. g4 f4 23. exf4 Nxf3+ 24. Nxf3 Rxf4 25. Raf1 Raf8 26. Ne5 Be8 27. Qd2 Qg5 28. Rxf4 Qxf4+ 29. Qxf4 Rxf4 30. Rf1 Rxd4 31. Rf8+ Kg7 32. Rxe8 Kf6 33. g5+ hxg5 34. Rxe6+ Kg7 35. c5 Rd2+ 36. Kg3 Rxb2 37. Kg4 Rxa2 38. Kxg5 Ra3 39. Re7+ 1-0

[Event "Oberliga Ost-A 1617"]
[Site "Germany"]
[Date "2017.02.19"]
[Round "7.1"]
[White "Kuchynka, Lukas"]
[Black "Fodor, Tamas Jr"]
[Result "0-1"]
[WhiteElo "2260"]
[BlackElo "2511"]
[PlyCount "98"]
[EventDate "2016.10.16"]
[EventType "team-tourn"]
[EventRounds "11"]
[EventCountry "GER"]
[SourceTitle "EXT 2018"]
[Source "ChessBase"]
[SourceDate "2017.10.13"]
[SourceVersion "1"]
[SourceVersionDate "2017.10.13"]
[SourceQuality "1"]
[WhiteTeam "Magdeburg Rochade"]
[BlackTeam "Halle USV"]
[WhiteTeamCountry "GER"]
[BlackTeamCountry "GER"]

1. d4 d5 2. Nf3 Bf5 3. c4 e6 4. Nc3 Nc6 5. a3 h6 6. cxd5 exd5 7. Bf4 Nf6 8. e3 Bd6 9. Bg3 0-0 10. Bd3 Bg4 11. 0-0 Ne7 12. b4 a6 13. Rb1 c6 14. Be2 Bxf3 15. Bxf3 Nf5 16. Qc2 g6 17. a4 Bxg3 18. hxg3 Qe7 19. b5 axb5 20. axb5 h5 21. Rfe1 Kg7 22. bxc6 bxc6 23. Na4 Rac8 24. Nc5 Rfe8 25. Rb4 Nd6 26. Ra1 g5 27. Rba4 g4 28. Ra7 Rc7 29. Rxc7 Qxc7 30. Be2 Rh8 31. Nd3 Nde4 32. Nf4 h4 33. gxh4 g3 34. fxg3 Nxg3 35. h5 Qe7 36. Kf2 Nfe4+ 37. Kg1 Nd6 38. Qd3 Qh4 39. Nh3 Re8 40. Bf3 Ndf5 41. Re1 Nxh5 42. Qc3 Nf6 43. Re2 Qg3 44. Qxc6 Rh8 45. Nf4 Qh2+ 46. Kf2 Qh4+ 47. Kg1 Qh2+ 48. Kf2 Nxd4 49. exd4 Qxf4 0-1

[Event "CZE-chT 1617"]
[Site "Czech Republic"]
[Date "2016.10.08"]
[Round "1.6"]
[White "Kuchynka, Lukas"]
[Black "Petr, Martin"]
[Result "1/2-1/2"]
[WhiteElo "2260"]
[BlackElo "2493"]
[PlyCount "134"]
[EventDate "2016.10.08"]
[EventType "team-tourn"]
[EventRounds "11"]
[EventCountry "CZE"]
[SourceTitle "EXT 2017"]
[Source "ChessBase"]
[SourceDate "2016.10.25"]
[SourceVersion "1"]
[SourceVersionDate "2016.10.25"]
[SourceQuality "1"]
[WhiteTeam "Tatran Litovel"]
[BlackTeam "Pardubice"]
[WhiteTeamCountry "CZE"]
[BlackTeamCountry "CZE"]

1. d4 Nf6 2. c4 g6 3. Nc3 d5 4. h4 c6 5. cxd5 cxd5 6. Bf4 Bg7 7. e3 0-0 8. h5 Nxh5 9. Rxh5 gxh5 10. Qxh5 f5 11. Bd3 Nd7 12. Bxf5 Nf6 13. Qg5 Bxf5 14. Qxf5 Qb6 15. 0-0-0 Rac8 16. Nge2 e6 17. Qh3 Qa6 18. Kb1 Ne4 19. Qh4 Rf7 20. g4 Qc4 21. g5 b5 22. g6 hxg6 23. Rh1 Nxc3+ 24. Nxc3 Rxf4 25. Qxf4 b4 26. Qg4 Qd3+ 27. Ka1 Qf5 28. Qxf5 gxf5 29. Ne2 Rc2 30. Re1 Kf7 31. Kb1 Rc4 32. b3 Rc8 33. Rc1 Rxc1+ 34. Nxc1 f4 35. Kc2 Bh6 36. Nd3 fxe3 37. fxe3 Bxe3 38. Ne5+ Ke8 39. Kd3 Bh6 40. Nc6 a5 41. Ne5 Ke7 42. Nf3 Kf6 43. Ne1 Kf5 44. Nf3 Bf4 45. Ne1 Kg4 46. Ke2 Bb8 47. Nd3 Kf5 48. Kf3 Bh2 49. Ne1 Bc7 50. Nd3 Bb8 51. Ke3 Bh2 52. Ne1 Bg1+ 53. Kd3 Kf4 54. Nc2 Kf3 55. a3 a4 56. axb4 axb3 57. Na3 Bh2 58. b5 Bc7 59. Nb1 b2 60. Nd2+ Kf4 61. Kc2 e5 62. dxe5 Bxe5 63. b6 Ke3 64. b7 Bb8 65. Nb3 d4 66. Nxd4 Kxd4 67. Kxb2 Kc5 1/2-1/2

[Event "Oberliga Ost-A 1516"]
[Site "Germany"]
[Date "2016.04.09"]
[Round "10.1"]
[White "Vogel, Roven"]
[Black "Kuchynka, Lukas"]
[Result "1-0"]
[WhiteElo "2420"]
[BlackElo "2248"]
[PlyCount "53"]
[EventDate "2015.09.20"]
[EventType "team-tourn"]
[EventRounds "11"]
[EventCountry "GER"]
[SourceTitle "EXT 2017"]
[Source "ChessBase"]
[SourceDate "2016.10.25"]
[SourceVersion "1"]
[SourceVersionDate "2016.10.25"]
[SourceQuality "1"]
[WhiteTeam "Dresden TU II"]
[BlackTeam "Magdeburg Rochade"]
[WhiteTeamCountry "GER"]
[BlackTeamCountry "GER"]

1. e4 b6 2. d4 Bb7 3. Bd3 Nf6 4. Qe2 Nc6 5. c3 e5 6. Nf3 exd4 7. e5 Nd5 8. Be4 Nde7 9. 0-0 d3 10. Bxd3 h6 11. Nbd2 d5 12. exd6 cxd6 13. Nc4 g5 14. h4 Qd7 15. hxg5 0-0-0 16. Bf4 Nd5 17. Bg3 hxg5 18. Nxg5 b5 19. Qf3 Kb8 20. Qxd5 bxc4 21. Qxc4 Be7 22. Nf3 Rh6 23. Rfd1 Ne5 24. Bxe5 Bxf3 25. Qf4 Bxd1 26. Qxh6 Qg4 27. Bg3 1-0

[Event "CZE-chT 1516"]
[Site "Czech Republic"]
[Date "2015.11.07"]
[Round "1.4"]
[White "Zwardon, Vojtech"]
[Black "Kuchynka, Lukas"]
[Result "1-0"]
[WhiteElo "2430"]
[BlackElo "2256"]
[PlyCount "77"]
[EventDate "2015.11.07"]
[EventType "team-tourn"]
[EventRounds "11"]
[EventCountry "CZE"]
[SourceTitle "CBM 169 Extra"]
[Source "ChessBase"]
[SourceDate "2015.12.18"]
[SourceVersion "1"]
[SourceVersionDate "2015.12.18"]
[SourceQuality "1"]
[WhiteTeam "Frydek Mistek"]
[BlackTeam "Litovel"]
[WhiteTeamCountry "CZE"]
[BlackTeamCountry "CZE"]

1. c4 b6 2. Nf3 Bb7 3. g3 e6 4. Bg2 Nf6 5. 0-0 Be7 6. Nc3 0-0 7. Qc2 d5 8. cxd5 Nxd5 9. d4 Nd7 10. Nxd5 exd5 11. Bf4 c5 12. Rfd1 Re8 13. Ne5 Nxe5 14. dxe5 Qd7 15. Rxd5 Bxd5 16. Rd1 Rad8 17. Bxd5 Qb5 18. a4 Qb4 19. Rd3 a6 20. e6 Qe1+ 21. Kg2 fxe6 22. Bxe6+ Kh8 23. Bd7 Rf8 24. Rd5 h6 25. e3 Rf7 26. Be6 Rf6 27. Rxd8+ Bxd8 28. Ba2 Qb4 29. Bb1 Kg8 30. Be5 c4 31. Qd1 Be7 32. Qd5+ Kf8 33. Bxf6 Bxf6 34. Bg6 Ke7 35. Bf5 Qc5 36. Qe6+ Kf8 37. Bg6 Qe7 38. Qc8+ Qd8 39. Qxc4 1-0